000
00311nam a22001337a 4500
008
170126b xxu||||| |||| 00| 0 eng d
020
_a
9781579544911
041
_a
eng
080
_a
61
100
_a
3
101
_a
MED
245
_a
ULTIMATE GUIDE TO WOMEN'S HEALTH AND WELLNES
_c
AGOSTINI, R
942
_2
udc
_c
BK
999
_c
3799
_d
3799